000 00437nam a2200181Ia 4500
001 8046
005 20260306160540.0
008 260306t2018||||xx |||||||||||||| ||spa||
041 _aESP
082 _a370.1
_bC84
100 _aCosta, Vincenzo
_eAUT
245 0 _aFenomenología de la educación y la formación
260 _c2018
300 _a333 páginas :
_c21 cm.
650 _aGEN
654 _aCED
942 _cLIB
_dJUS
_fJUS
_2ddc
_n
999 _c8046
_d8046